Nebraska Symposium on Motivation / (Record no. 30468)
[ view plain ]
| 000 -LEADER | |
|---|---|
| fixed length control field | 01592nam a2200433 4500 |
| 001 - CONTROL NUMBER | |
| control field | 30468 |
| 003 - CONTROL NUMBER IDENTIFIER | |
| rucl marc code | BD-RjUL |
| 005 - DATE AND TIME OF LATEST TRANSACTION | |
| control field | 20211209051553.0 |
| 008 - FIXED-LENGTH DATA ELEMENTS--GENERAL INFORMATION | |
| fixed length control field | 140410s20021961nbua b s101 0 eng |
| 030 ## - CODEN DESIGNATION | |
| CODEN | NSMPB3 |
| 035 ## - SYSTEM CONTROL NUMBER | |
| System control number | (BD-RjUL)30554 |
| System control number | (BD-RjUL) |
| 040 ## - CATALOGING SOURCE | |
| Original cataloging agency | IHS |
| Language of cataloging | eng |
| Transcribing agency | IHS |
| Modifying agency | LAS |
| -- | LM0 |
| -- | BD-RjUL |
| -- | BNB |
| 041 ## - LANGUAGE CODE | |
| Language code of text/sound track or separate title | eng |
| 060 0# - NATIONAL LIBRARY OF MEDICINE CALL NUMBER | |
| Classification number | W3 NE16 |
| Classification number | W3 |
| Item number | NE16 |
| 082 04 - DEWEY DECIMAL CLASSIFICATION NUMBER | |
| Classification number | 159.4082 |
| Classification number | 159.4082 |
| Author mark and year | NEB V-IX 1961 |
| 111 2# - MAIN ENTRY--MEETING NAME | |
| Meeting name or jurisdiction name as entry element | Nebraska Symposium on Motivation, |
| Date of meeting | 1961 |
| Name of part/section of a work | V-IX |
| 9 (RLIN) | 103134 |
| 245 10 - TITLE STATEMENT | |
| Title | Nebraska Symposium on Motivation / |
| Number of part/section of a work | Volume-IX |
| 246 13 - VARYING FORM OF TITLE | |
| Title proper/short title | Current theory and research in motivation |
| 260 ## - PUBLICATION, DISTRIBUTION, ETC. (IMPRINT) | |
| Place of publication, distribution, etc. | Lincoln, [Neb.] : |
| Name of publisher, distributor, etc. | University of Nebraska Press |
| Date of publication, distribution, etc. | c.1961. |
| 300 ## - PHYSICAL DESCRIPTION | |
| Pagination | 210 P. : |
| Illustrations | ill. ; |
| Size | 23 cm. |
| 490 1# - SERIES STATEMENT | |
| Series statement | Current Theory and reasearch in motivation |
| 510 2# - CITATION/REFERENCES NOTE | |
| Name of source | Index medicus |
| International Standard Serial Number | 0019-3879 |
| Name of source | Biological abstracts |
| International Standard Serial Number | 0006-3169 |
| Name of source | Psychological abstracts |
| International Standard Serial Number | 0033-2887 |
| Coverage of source | 1964- |
| 550 ## - ISSUING BODY NOTE | |
| Issuing body note | Symposia for 1954- sponsored by the Dept. of Psychology of the University of Nebraska. |
| 650 #0 - SUBJECT ADDED ENTRY--TOPICAL TERM | |
| Topical term or geographic name as entry element | Motivation (Psychology) |
| Form subdivision | Congresses. |
| 9 (RLIN) | 92582 |
| Topical term or geographic name as entry element | Motivation |
| Form subdivision | Congresses. |
| 9 (RLIN) | 92583 |
| Topical term or geographic name as entry element | Self Psychology |
| Form subdivision | Congresses. |
| 9 (RLIN) | 92584 |
| 780 00 - PRECEDING ENTRY | |
| Main entry heading | Current Theory and Research in Motivation (Symposium). |
| Title | Current theory and research in motivation, a symposium |
| International Standard Serial Number | 0070-2099 |
| Record control number | (DLC)sf 82004059 |
| -- | (OCoLC)2260043 |
| 830 1# - SERIES ADDED ENTRY--UNIFORM TITLE | |
| Uniform title | Current Theory and reasearch in motivation |
| 942 ## - ADDED ENTRY ELEMENTS (KOHA) | |
| Source of classification or shelving scheme | Dewey Decimal Classification |
| Koha item type | Books |
| Lost status | Source of classification or shelving scheme | Damaged status | Not for loan | Collection code | Permanent Location | Current Location | Shelving location | Date acquired | Source of acquisition | Cost, normal purchase price | Total Checkouts | Full call number | Date last seen | Copy number | Koha item type |
|---|---|---|---|---|---|---|---|---|---|---|---|---|---|---|---|
| Dewey Decimal Classification | Not For Loan | Non-fiction | Central Library, University of Rajshahi | Central Library, University of Rajshahi | Reading Room | 12/02/1965 | Zeitlinger | 10.00 | 159.4082 NEB V-9 1961 | 10/04/2014 | C-1 | Books |